Bóng hình Tiểu thuyết
v.v...
Đã lưu trong:
| Tác giả chính: | |
|---|---|
| Định dạng: | Sách |
| Năm xuất bản: |
H.
Lao động
2002
|
| Chủ đề: | |
| Tags: |
Thêm thẻ
Không có thẻ, Hãy là người đầu tiên gắn thẻ bản ghi này!
|
| LEADER | 00789nam a2200181 4500 | ||
|---|---|---|---|
| 082 | |a 843 |b ST200E | ||
| 100 | |a Steel, Danielle | ||
| 245 | |a Bóng hình |c Danielle Steel; Trần Thanh Ngọc dịch |b Tiểu thuyết | ||
| 260 | |a H. |b Lao động |c 2002 | ||
| 300 | |a 547 tr. |c 19 cm. | ||
| 520 | |a v.v... | ||
| 653 | |a Văn học hiện đại | ||
| 653 | |a Pháp | ||
| 653 | |a Tiểu thuyết | ||
| 942 | |2 ddc |c STK0 | ||
| 999 | |c 3544 |d 3544 | ||
| 952 | |0 0 |1 0 |2 ddc |4 0 |6 843_000000000000000_ST200E |7 0 |8 800 |9 37207 |a qbu |b qbu |c D5 |d 2014-12-16 |g 54000 |o 843 ST200E |p 516.c1 |r 0000-00-00 |w 2014-12-16 |y STK0 |0 0 |6 843_000000000000000_ST200E | ||
| 952 | |0 0 |1 0 |2 ddc |4 0 |6 843_000000000000000_ST200E |7 0 |8 800 |9 97754 |a qbu |b qbu |c D5 |d 2015-11-05 |g 54000 |o 843 ST200E |p 516.c2 |r 0000-00-00 |w 2015-11-05 |y STK0 |0 0 |6 843_000000000000000_ST200E | ||